00546nam a2200181 i 450000100060000000300090000600500170001500700030003200800410003510000250007624500660010126000330016730000220020049000480022250000130027083000480028385200330033173052ES-MaACL20230906171643.0t|040906s1977 fr ||||1| fre d1 aGoldschmidt, Victor.13aLa doctrine d'Epicure et le droit / cpar Victor Goldschmidt. aParís : bJ. Vrin, c1977. a335 p. ; c22 cm.1 aBibliothèque d'histoire de la philosophie aIndices.0 aBibliothèque d'histoire de la philosophie aES-MaACLjL-10833 bR.112573